LEADER 01569nam a2200361 u 4500 001 000000016436 003 CaOOAMICUS 005 20070226110007.0 008 941103s1994 gw u000 u ger u 020 $a3110139553 035 $a10385401 040 $aPUL(R)$bita 100 1 $aBergjan, Silke-Petra.$0(OLS)http://pul/name/14940 245 10$aTheodoret von Cyrus und der Neunizänismus :$bAspekte der altkirchlichen Trinitätslehre /$cSilke-Petra Bergjan. 260 $aBerlin :$bW. de Gruyter,$c1994. 300 $ax, 246 p. ;$c24 cm 490 1 $aArbeiten zur Kirchengeschichte ;$vBd. 60 500 $aComprende indici. 502 $aDiss. -- Universität München. 504 $aBibliografia: p. 213-239. 600 04$aTheodoretus,$cvesc. di Ciro,$dc. 393-458.$0(OLS)http://pul/subject/9778 650 4$aTrinità.$0(OLS)http://pul/subject/2463 710 2 $aUniversität München.$0(OLS)http://pul/name/12801 830 0$aArbeiten zur Kirchengeschichte ;$vBd. 60.$0(OLS)http://pul/title/4204 850 $aPUL 852 $aPUL$W1$xSL Filosofia 1$y2$m115 L 60$j23140$nBK-PRI$b $qStampati$B23140$CPULBib$Z2$F23140 $H $81 941 1 $a8 960 $aTeologia trinitaria$92463 960 $aTeologia trinitaria$92463 961 $aINV: 87911 996 $6020$a3110139553$9(OLS)http://pul/number/21079 996 $6245$aTheodoret von Cyrus und der Neunizänismus :$bAspekte der altkirchlichen Trinitätslehre$9(OLS)http://pul/title/23463 996 $6260$aBerlin :$bW. de Gruyter$9(OLS)http://pul/publisher/48032 LEADER 01450nam a2200337 a 4500 001 000000134047 003 CaOOAMICUS 005 20130524132517.0 008 130524s2005 it u000 u ita r 020 $a88-7016-591-4 040 $aPUL$bita 041 1 $aita$heng 082 04$a220.6 100 1 $aLimburg, James.$0(OLS)http://pul/name/86387 240 10$aHosea-Micah.$lItaliano.$0(OLS)http://pul/title/169456 245 12$aI dodici profeti :$bOsea, Gioele, Amos, Abdia, Giona, Michea /$cJames Limburg ; edizione italiana a cura di Corrado Ferri. 260 $aTorino :$bClaudiana,$c©2005. 300 $a300 p. ;$c24 cm. 490 1 $aStrumenti. Commentari ;$v23 504 $aBibliografia: p. 269-272. 630 04$aBiblia.$pV.T.$pProphetae minores$xCommenti.$0(OLS)http://pul/subject/2003 700 1 $aFerri, Corrado.$0(OLS)http://pul/name/72128 830 0$aStrumenti (Claudiana).$pCommentari ;$v23.$0(OLS)http://pul/title/133061 850 $aPUL 852 $aPUL$W1$xSL Religione 3$y85$m220. 6 COLL 1.23$j154117$qDDC 21$B153668$CPULBib$Z2$F153668 $H122495 $82 941 1 $a9 996 $6020$a88-7016-591-4$9(OLS)http://pul/number/152821 996 $6082$a220.6$9(OLS)http://pul/classification/388 996 $6245$aI dodici profeti :$bOsea, Gioele, Amos, Abdia, Giona, Michea$9(OLS)http://pul/title/169457 996 $6260$aTorino :$bClaudiana$9(OLS)http://pul/publisher/48072